[Event "ICS rated blitz match"]
[Site "204.178.125.65"]
[Date "2000.08.21"]
[Round "?"]
[White "PostModernist"]
[Black "Hossa"]
[Result "1-0"]
[WhiteElo "2643"]
[BlackElo "2411"]
[PlyCount "63"]
[EventDate "2000.??.??"]

1. e4 a6 2. d4 c5 3. c3 e6 4. Nf3 cxd4 5. cxd4 d5 6. Nbd2 dxe4 7. Nxe4 Nc6 8.
Bd3 Bb4+ 9. Bd2 Bxd2+ 10. Qxd2 Nge7 11. Ng3 b6 12. O-O Bb7 13. Qf4 O-O 14. a3
Nd5 15. Qe4 Nf6 16. Qh4 Na5 17. b4 Nb3 18. Rab1 Bxf3 19. Rxb3 Bc6 20. Re1 Qd5
21. Ne4 Nd7 22. Bc2 Rfc8 23. Rf3 Qa2 24. Bb1 Qb2 25. Nd6 h6 26. Rxf7 Re8 27.
Qg4 g5 28. Qh5 Qxb1 29. Rxb1 Ne5 30. Qxh6 Nf3+ 31. gxf3 Bxf3 32. Qg7# {
Hossa checkmated} 1-0

[Event "ICS rated standard match"]
[Site "204.178.125.65"]
[Date "2000.08.21"]
[Round "?"]
[White "Hossa"]
[Black "Pennswoodpusher"]
[Result "1-0"]
[WhiteElo "2362"]
[BlackElo "2060"]
[PlyCount "67"]
[EventDate "2000.??.??"]

1. Nf3 Nf6 2. g3 g6 3. b3 Bg7 4. Bb2 O-O 5. Bg2 d6 6. d4 Nbd7 7. c4 Re8 8. O-O
c6 9. Nc3 Qc7 10. Ba3 e5 11. dxe5 dxe5 12. Bd6 Qa5 13. b4 Qa3 14. Qc2 Bf8 15.
Nb1 Qa6 16. Bxf8 Kxf8 17. Rd1 Nb6 18. Nbd2 Bf5 19. e4 Bg4 20. c5 Qa4 21. Qc3
Nbd7 22. h3 Bxf3 23. Bxf3 b5 24. Nb3 Qa6 25. Rd6 Re6 26. Qd2 Rxd6 27. Qxd6+ Kg7
28. Na5 Rc8 29. Bg4 Nxg4 30. hxg4 Rd8 31. Rd1 f6 32. Qe7+ Kh6 33. g5+ Kxg5 34.
Qxh7 1-0

[Event "ICS rated bullet match"]
[Site "204.178.125.65"]
[Date "2000.08.21"]
[Round "?"]
[White "JSBach"]
[Black "Hossa"]
[Result "0-1"]
[WhiteElo "1986"]
[BlackElo "2505"]
[PlyCount "72"]
[EventDate "2000.??.??"]

1. d4 d6 2. Bf4 Nf6 3. Qd3 Nc6 4. Nf3 Nd5 5. Bg3 Ncb4 6. Qc4 Bf5 7. Na3 c6 8.
O-O-O b5 9. Qb3 a5 10. e4 Bxe4 11. Bd3 Bxd3 12. Rxd3 a4 13. Qxb4 Nxb4 14. Re3
Nxa2+ 15. Kb1 Nb4 16. Rhe1 Nd5 17. R3e2 e6 18. Re4 Be7 19. R4e2 b4 20. Nc4 a3
21. Ne3 a2+ 22. Ka1 Nxe3 23. Rxe3 Qa5 24. h4 h6 25. Bf4 g5 26. hxg5 hxg5 27.
Bg3 g4 28. Nh2 b3 29. cxb3 Qd2 30. Nxg4 Qxd4 31. Re4 Qxe4 32. Nf6+ Bxf6 33. Rg1
Qe2 34. Be5 Bxe5 35. Rb1 axb1=Q+ 36. Kxb1 Qxb2# {JSBach checkmated} 0-1

[Event "ICS rated blitz match"]
[Site "204.178.125.65"]
[Date "2000.08.21"]
[Round "?"]
[White "Hossa"]
[Black "PostModernist"]
[Result "0-1"]
[WhiteElo "2404"]
[BlackElo "2665"]
[PlyCount "194"]
[EventDate "2000.??.??"]

1. Nf3 Nf6 2. g3 g6 3. b3 Bg7 4. Bb2 d6 5. Bg2 e5 6. O-O O-O 7. Nc3 Nc6 8. e4
Re8 9. d3 Bg4 10. h3 Bd7 11. Qe2 Nd4 12. Nxd4 exd4 13. Nb1 c5 14. c3 dxc3 15.
Nxc3 d5 16. Qc2 d4 17. Ne2 Rc8 18. b4 cxb4 19. Qd2 a5 20. Nxd4 Qb6 21. Nf3 Bb5
22. Bd4 Qe6 23. Rfc1 Bc6 24. Ng5 Qd7 25. Bb2 Rcd8 26. Rd1 h6 27. Nf3 Ba4 28.
Bd4 Bxd1 29. Rxd1 Qe6 30. Qb2 Rc8 31. Nd2 Nh5 32. Bxg7 Nxg7 33. Nc4 b6 34. Ne3
Kh7 35. Nd5 Kh8 36. Qd2 h5 37. Qg5 Qe5 38. Qh6+ Kg8 39. d4 Qe6 40. Qf4 f5 41.
e5 Rf8 42. Qg5 Kh7 43. Nf6+ Rxf6 44. Qxf6 Qxf6 45. exf6 Ne8 46. f7 Nf6 47. d5
Kg7 48. d6 Kxf7 49. Bf1 Rd8 50. Bc4+ Kg7 51. f3 Nd7 52. Kg2 a4 53. Bb5 b3 54.
axb3 axb3 55. Rd2 Kf6 56. Bc4 Nc5 57. Bb5 g5 58. h4 gxh4 59. gxh4 Ke6 60. Bc4+
Ke5 61. Bf7 f4 62. Bxh5 Rxd6 63. Rxd6 Kxd6 64. Bg6 Ke5 65. h5 Kf6 66. Kf1 Nd7
67. Ke2 Ne5 68. Be4 b2 69. h6 Nc4 70. Bd3 b5 71. h7 Kg7 72. Bf5 Na3 73. Kd2 b4
74. Be4 Kh8 75. Bd3 b1=Q 76. Bxb1 Nxb1+ 77. Kc2 Nc3 78. Kb3 Nd5 79. Kc4 Kxh7
80. Kb3 Kh6 81. Kb2 Kg5 82. Kb3 Kh4 83. Kb2 Kg3 84. Kb3 Kxf3 85. Kc4 Ke4 86.
Kb3 f3 87. Kb2 f2 88. Kb3 f1=Q 89. Kc2 Qe2+ 90. Kb3 Qd1+ 91. Kc4 b3 92. Kb5 b2
93. Kc5 Qd4+ 94. Kd6 Qb4+ 95. Kd7 Qb7+ 96. Kd8 Qe7+ 97. Kc8 Qc7# {
Hossa checkmated} 0-1

[Event "ICS rated standard match"]
[Site "204.178.125.65"]
[Date "2000.08.21"]
[Round "?"]
[White "PostModernist"]
[Black "Hossa"]
[Result "1-0"]
[WhiteElo "2323"]
[BlackElo "2367"]
[PlyCount "221"]
[EventDate "2000.??.??"]

1. d4 d6 2. Nf3 Nf6 3. g3 e6 4. Bg2 d5 5. Bg5 Bd6 6. Nc3 h6 7. Bxf6 Qxf6 8. Qd3
c6 9. O-O-O Nd7 10. e4 Bb4 11. exd5 cxd5 12. Nb5 Qd8 13. a3 Be7 14. h4 a6 15.
Nc3 b5 16. Ne5 Nxe5 17. dxe5 Bb7 18. f4 Qc7 19. g4 h5 20. g5 g6 21. Qd2 b4 22.
axb4 Bxb4 23. Rh3 Qa5 24. Qf2 Rb8 25. Kb1 Bc6 26. Qf3 Ba3 27. b3 Rc8 28. Qe3
Bc5 29. Qe2 Bf8 30. Na2 Rb8 31. Qc4 Qb6 32. Qd4 Bc5 33. Qd2 a5 34. Re1 a4 35.
Kc1 Bb5 36. Kd1 Ra8 37. Nc1 axb3 38. Rxb3 Qc6 39. Rb1 Be7 40. Nb3 Qc7 41. Nd4
Bc4 42. Qc3 Qc5 43. Ra1 O-O 44. Kd2 Rfc8 45. Rxa8 Rxa8 46. Ra1 Rc8 47. Qb2 Qb4+
48. Qxb4 Bxb4+ 49. Ke3 Bc3 50. Ra3 Bb2 51. Ra7 Bc1+ 52. Kf3 Bd2 53. Bh3 Re8 54.
Nc6 Be1 55. Ra1 Bxh4 56. Nd4 Rb8 57. Bg2 Rb4 58. Rh1 Ba6 59. c3 Rc4 60. Rxh4
Rxc3+ 61. Kf2 Bc4 62. Rh3 Rd3 63. Rxd3 Bxd3 64. Bf1 Bb1 65. Nb5 Bc2 66. Nd6 Ba4
67. Bb5 Bxb5 68. Nxb5 Kf8 69. Kg3 Kg8 70. Kg2 Kf8 71. Kf3 Kg7 72. Nd6 Kf8 73.
Ke3 Ke7 74. Nb5 Kd7 75. Nd4 Ke8 76. Kf2 Kf8 77. Kf3 Ke7 78. Nb5 Ke8 79. Kg3 Ke7
80. Nd4 Ke8 81. Kh2 Kf8 82. Kg2 Ke8 83. Kg3 Kf8 84. Kh4 Kg7 85. Nc6 Kf8 86. Kh3
Kg8 87. f5 gxf5 88. Kh4 Kf8 89. Kxh5 Ke8 90. g6 fxg6+ 91. Kxg6 Kd7 92. Nd4 Ke7
93. Ne2 f4 94. Nxf4 d4 95. Nd3 Kd7 96. Kf6 Kc7 97. Kxe6 Kc6 98. Kf7 Kd5 99. e6
Kc4 100. Ne5+ Kb3 101. e7 Kc3 102. e8=Q Kb4 103. Qd7 Kc3 104. Ke6 Kd2 105.
Qxd4+ Ke2 106. Qe4+ Kd2 107. Qd3+ Ke1 108. Qe3+ Kf1 109. Qd2 Kg1 110. Ng4 Kh1
111. Qh2# {Hossa checkmated} 1-0

[Event "ICS rated blitz match"]
[Site "204.178.125.65"]
[Date "2000.08.21"]
[Round "?"]
[White "PostModernist"]
[Black "Hossa"]
[Result "1-0"]
[WhiteElo "2674"]
[BlackElo "2398"]
[PlyCount "105"]
[EventDate "2000.??.??"]

1. e4 d5 2. exd5 Qxd5 3. Nc3 Qa5 4. d4 c6 5. Nf3 Bf5 6. Bd2 Qc7 7. Be2 Nf6 8.
Ne5 Nbd7 9. Bf4 Nxe5 10. dxe5 Rd8 11. Qc1 Ng4 12. e6 Qc8 13. exf7+ Kxf7 14. O-O
e6 15. Bxg4 Bxg4 16. Bg5 Rd4 17. Be3 Rd7 18. Bxa7 Bf5 19. Na4 Qd8 20. Be3 b5
21. Nb6 Rb7 22. Rd1 Qe8 23. a4 c5 24. a5 Be7 25. Qd2 Qb8 26. Bf4 Qa7 27. Qe2
Rf8 28. Bd6 c4 29. g4 Bd3 30. cxd3 Bxd6 31. dxc4 Bb4 32. cxb5 Kg8 33. Qxe6+ Kh8
34. Rd5 Re7 35. Qc6 Bxa5 36. Rf5 Rg8 37. Nc8 Qc7 38. Nxe7 Qxe7 39. b6 Qe2 40.
Rfxa5 Qxg4+ 41. Qg2 Qb4 42. Ra8 Qb3 43. Rxg8+ Kxg8 44. Qb7 h5 45. Ra8+ Kh7 46.
Qe4+ Kh6 47. Rh8+ Kg5 48. f4+ Kf6 49. Rf8+ Qf7 50. Qe5+ Kg6 51. Qg5+ Kh7 52.
Rxf7 Kg8 53. Qxg7# {Hossa checkmated} 1-0

[Event "ICS rated blitz match"]
[Site "204.178.125.65"]
[Date "2000.08.21"]
[Round "?"]
[White "Hossa"]
[Black "PostModernist"]
[Result "0-1"]
[WhiteElo "2393"]
[BlackElo "2679"]
[PlyCount "80"]
[EventDate "2000.??.??"]

1. e4 e5 2. Nc3 Qh4 3. Nf3 Qh5 4. Nd5 Bd6 5. d4 Nc6 6. dxe5 Nxe5 7. Be2 Qg6 8.
Nxe5 Bxe5 9. f4 c6 10. fxe5 cxd5 11. exd5 Qxg2 12. Bf3 Qh3 13. Be3 Qh4+ 14. Kd2
Ne7 15. Kc3 Nf5 16. Bg1 d6 17. exd6 O-O 18. Qe2 Bd7 19. a4 Nxd6 20. Bf2 Qf6+
21. Kb3 Rfe8 22. Qd1 Qf4 23. c3 Qc4+ 24. Ka3 Bxa4 25. b3 Nb5+ 26. Kb2 Qxc3+ 27.
Ka2 Bxb3+ 28. Qxb3 Qd2+ 29. Qb2 Qd3 30. Rhg1 Nc3+ 31. Ka3 Rec8 32. Rxg7+ Kxg7
33. Bh1 Kh6 34. Be3+ Qxe3 35. Bf3 Rc5 36. Qb3 Ra5+ 37. Kb2 Qd2+ 38. Qc2 Rb5+
39. Ka3 Qxc2 40. Rg1 Rb3# {Hossa checkmated} 0-1

[Event "ICS rated blitz match"]
[Site "204.178.125.65"]
[Date "2000.08.21"]
[Round "?"]
[White "Colorado"]
[Black "Hossa"]
[Result "1-0"]
[WhiteElo "2637"]
[BlackElo "2388"]
[PlyCount "125"]
[EventDate "2000.??.??"]

1. e4 e5 2. Nf3 Qe7 3. Bc4 Nf6 4. d3 c6 5. O-O d5 6. exd5 cxd5 7. Bb5+ Nc6 8.
Re1 Bg4 9. h3 Bxf3 10. Qxf3 O-O-O 11. c3 h6 12. Qf5+ Kb8 13. Bxc6 bxc6 14. Bf4
Nd7 15. Bxe5+ Nxe5 16. Rxe5 Qc7 17. Nd2 Bd6 18. Re2 Rde8 19. Rae1 Rxe2 20. Rxe2
Bh2+ 21. Kh1 Bf4 22. Nb3 Bd6 23. Qg4 g5 24. Qd4 Rc8 25. c4 dxc4 26. Qxc4 Qd7
27. Nd4 Bf8 28. Qc3 h5 29. Kg1 Bd6 30. Rc2 c5 31. Qb3+ Qb7 32. Nb5 Bf4 33. Qa4
Re8 34. Kf1 Rc8 35. Rc3 Ka8 36. Nxa7 Qxa7 37. Qe4+ Qb7 38. Ra3+ Kb8 39. Rb3
Qxb3 40. axb3 Bd2 41. Ke2 Bb4 42. Qe5+ Kb7 43. Qxg5 Re8+ 44. Kf3 Re6 45. Qf5
Kc6 46. Qxf7 Rh6 47. Ke4 Kb5 48. Qe8+ Kb6 49. Kd5 h4 50. Qb8+ Ka5 51. Kc4 Ka6
52. d4 cxd4 53. Qxb4 Rf6 54. Qb5+ Ka7 55. Qd7+ Ka6 56. Qc8+ Ka7 57. Qc7+ Ka8
58. Qd8+ Kb7 59. Qxf6 Kc8 60. Kc5 Kd7 61. Qf7+ Kd8 62. Kd6 d3 63. Qg8# {
Hossa checkmated} 1-0

[Event "ICS rated blitz match"]
[Site "204.178.125.65"]
[Date "2000.08.21"]
[Round "?"]
[White "PostModernist"]
[Black "Hossa"]
[Result "1-0"]
[WhiteElo "2684"]
[BlackElo "2382"]
[PlyCount "103"]
[EventDate "2000.??.??"]

1. e4 c5 2. c3 d5 3. exd5 Qxd5 4. d4 Nf6 5. Nf3 e6 6. Na3 Qd8 7. Bf4 Nc6 8.
dxc5 Qxd1+ 9. Rxd1 Bxc5 10. Nb5 O-O 11. Bd6 Bxd6 12. Nxd6 Rd8 13. Bc4 a6 14.
O-O b5 15. Bb3 Ne8 16. Nxe8 Rxe8 17. Bc2 Ne7 18. Ng5 h6 19. Ne4 Nd5 20. Nc5 Rd8
21. Be4 Ra7 22. Bxd5 exd5 23. Rfe1 Rc7 24. b4 f6 25. a3 a5 26. Re2 axb4 27.
axb4 g5 28. Ra2 Re7 29. Ra5 Rde8 30. h3 Bb7 31. Rxb5 Bc6 32. Rb6 Rc8 33. Ra1
Kf7 34. Raa6 Rec7 35. Nb3 Ke7 36. Nd4 Bd7 37. Rxf6 Rxc3 38. Rxh6 R8c4 39. Rh7+
Ke8 40. Nf3 Rxb4 41. Ra7 g4 42. Ne5 Rb1+ 43. Kh2 g3+ 44. fxg3 Rcc1 45. g4 Rh1+
46. Kg3 Rb3+ 47. Kh4 Rc3 48. Raxd7 Rhxh3+ 49. gxh3 Rf3 50. Rhe7+ Kf8 51. Ng6+
Kg8 52. Rg7# {Hossa checkmated} 1-0

[Event "ICS rated standard match"]
[Site "204.178.125.65"]
[Date "2000.08.21"]
[Round "?"]
[White "Hossa"]
[Black "PostModernist"]
[Result "0-1"]
[WhiteElo "2349"]
[BlackElo "2341"]
[PlyCount "97"]
[EventDate "2000.??.??"]

1. e4 c5 2. Nf3 g6 3. d4 Bg7 4. d5 Nf6 5. Nc3 O-O 6. Be2 e6 7. d6 Nc6 8. O-O b6
9. e5 Ng4 10. Bg5 f6 11. exf6 Nxf6 12. Qd2 Bb7 13. Bh6 Bxh6 14. Qxh6 Ng4 15.
Qd2 Nce5 16. Ng5 h6 17. f4 hxg5 18. fxe5 Nxe5 19. Rxf8+ Kxf8 20. Rf1+ Kg8 21.
Nb5 Bc6 22. Nc7 Rc8 23. Ba6 Rb8 24. Qc3 Ng4 25. a3 Nh6 26. b4 cxb4 27. axb4 Be4
28. Qc4 Bf5 29. Nb5 Ng4 30. Qd4 Nf6 31. c4 Qf8 32. Re1 Qg7 33. Qe3 Qh6 34. Qc3
Kf7 35. h3 g4 36. Re3 gxh3 37. gxh3 Ne4 38. Qd4 Qg5+ 39. Kf1 Qf4+ 40. Ke2 e5
41. Qd5+ Kf6 42. Rf3 Qh2+ 43. Kd1 Qg1+ 44. Ke2 Ng3+ 45. Rxg3 Qxg3 46. Nxa7 Rh8
47. Qf3 Qh2+ 48. Qf2 Qxh3 49. Bb7 {Hossa resigns} 0-1

[Event "ICS rated standard match"]
[Site "204.178.125.65"]
[Date "2000.08.21"]
[Round "?"]
[White "PostModernist"]
[Black "Hossa"]
[Result "0-1"]
[WhiteElo "2357"]
[BlackElo "2333"]
[PlyCount "110"]
[EventDate "2000.??.??"]

1. e4 c5 2. c3 Nf6 3. e5 Nd5 4. d4 cxd4 5. Qxd4 e6 6. Bc4 Nc6 7. Qe4 Nb6 8. Bb3
d5 9. exd6 Bxd6 10. Nf3 Nd7 11. O-O Nc5 12. Qg4 Nxb3 13. axb3 O-O 14. Re1 Re8
15. Bg5 f6 16. Be3 e5 17. Qh4 Be6 18. b4 Ne7 19. Rxa7 Rxa7 20. Bxa7 b6 21. Rd1
Bb3 22. Rd3 Nc8 23. Nbd2 Bc2 24. Qc4+ Kh8 25. Rxd6 Qxd6 26. Qf7 Qe7 27. Qxe7
Rxe7 28. Bb8 Rb7 29. Bxe5 fxe5 30. Nxe5 Ra7 31. f4 Ra2 32. Kf2 Rxb2 33. Ke3 g6
34. h4 Ra2 35. g4 Kg7 36. Kd4 Nd6 37. Ndf3 Bb3 38. c4 Bxc4 39. Nxc4 Nxc4 40.
Kxc4 Rf2 41. Ng5 Rxf4+ 42. Kb5 Rxg4 43. Ne6+ Kf6 44. Nc7 Rxh4 45. Nd5+ Ke5 46.
Nxb6 Rd4 47. Nc4+ Rxc4 48. Kxc4 h5 49. b5 Kd6 50. Kd3 Kc5 51. Ke4 Kxb5 52. Kf4
h4 53. Kf3 g5 54. Kg4 Kc5 55. Kf3 h3 0-1

[Event "ICS rated standard match"]
[Site "204.178.125.65"]
[Date "2000.08.21"]
[Round "?"]
[White "jjgm"]
[Black "Hossa"]
[Result "0-1"]
[WhiteElo "1946"]
[BlackElo "2350"]
[PlyCount "52"]
[EventDate "2000.??.??"]

1. e4 c5 2. Nc3 Nc6 3. g3 g6 4. Bg2 Bg7 5. d3 e6 6. f4 Nge7 7. Nf3 d5 8. O-O
Bd7 9. Ne2 O-O 10. c3 Qb6 11. Kh1 dxe4 12. dxe4 Rfd8 13. Qc2 Na5 14. b3 Bb5 15.
Ne1 Qa6 16. Bf3 Nxb3 17. Rb1 Nxc1 18. Rxc1 Bc4 19. a4 Rd7 20. Rd1 Rxd1 21. Qxd1
Bxc3 22. Nxc3 Bxf1 23. Nb5 Bxb5 24. axb5 Qxb5 25. Be2 Qb2 26. Nd3 Qd4 {
jjgm resigns} 0-1

[Event "ICS rated standard match"]
[Site "204.178.125.65"]
[Date "2000.08.21"]
[Round "?"]
[White "Hossa"]
[Black "PostModernist"]
[Result "0-1"]
[WhiteElo "2353"]
[BlackElo "2340"]
[PlyCount "122"]
[EventDate "2000.??.??"]

1. e4 g6 2. Nc3 Bg7 3. Nf3 d6 4. d4 Nf6 5. Bd3 Bg4 6. h3 Bxf3 7. Qxf3 Nc6 8.
Be3 O-O 9. O-O-O e5 10. d5 Nd4 11. Qg3 a6 12. Qg5 Re8 13. Qh4 Qe7 14. Qg3 c6
15. Bg5 c5 16. h4 b5 17. h5 c4 18. Bxf6 Bxf6 19. Bf1 b4 20. Ne2 c3 21. Nxd4
exd4 22. hxg6 fxg6 23. Bd3 a5 24. Rh3 Rf8 25. Rdh1 Be5 26. Qg4 Rf7 27. Rf3 Rxf3
28. gxf3 Rf8 29. b3 Qf6 30. Qh3 h5 31. Rg1 Kh7 32. Qg2 Qf4+ 33. Kb1 Rf6 34. Qh3
Qxf3 35. Qd7+ Rf7 36. Qe6 Rg7 37. Rf1 h4 38. Re1 Qxf2 39. Rh1 Bg3 40. Qg4 Qe3
41. Rf1 Qh6 42. Qc8 Ra7 43. Rf6 Qh5 44. Rf1 h3 45. Rh1 h2 46. Qf8 Be5 47. Qf2
g5 48. Qf5+ Kg7 49. Qf1 Rf7 50. Qe1 g4 51. Be2 Qg5 52. Ka1 g3 53. Bf1 Rxf1 54.
Rxf1 g2 55. a3 Qd2 56. Kb1 gxf1=R 57. Qxf1 d3 58. Ka1 dxc2 59. axb4 c1=Q+ 60.
Qxc1 Qxc1+ 61. Ka2 Qb2# {Hossa checkmated} 0-1

[Event "ICS rated standard match"]
[Site "204.178.125.65"]
[Date "2000.08.21"]
[Round "?"]
[White "Hossa"]
[Black "QueenMaxima"]
[Result "1-0"]
[WhiteElo "2336"]
[BlackElo "2326"]
[PlyCount "137"]
[EventDate "2000.??.??"]

1. c4 Nf6 2. Nf3 e6 3. Nc3 d5 4. d4 Be7 5. cxd5 exd5 6. e3 O-O 7. Bd3 Nbd7 8.
O-O c6 9. b3 Re8 10. Kh1 Bd6 11. Qc2 Nf8 12. Bb2 Bg4 13. Ng1 Ng6 14. h3 Bh5 15.
Nge2 Ng4 16. Ng1 Nh2 17. Rfe1 Qg5 18. Bf5 Rad8 19. a3 Kh8 20. Bxg6 Bxg6 21. Qd2
Qh6 22. f3 Re6 23. Qf2 Rf6 24. Qe2 Re8 25. e4 dxe4 26. fxe4 Qh4 27. e5 Rf2 28.
exd6 Rexe2 29. Rxe2 Rxe2 30. Ncxe2 Ng4 31. Nf3 Nf2+ 32. Kg1 Nxh3+ 33. Kh2 Qg4
34. Ne5 Qh5 35. Ng3 Qh4 36. gxh3 Bf5 37. Nxf7+ Kg8 38. Nxf5 Qf2+ 39. Kh1 Qxf5
40. Ne5 Qxh3+ 41. Kg1 Qe3+ 42. Kf1 Qf4+ 43. Ke1 Qg3+ 44. Kd2 Qxb3 45. Bc3 Qd5
46. d7 Qg2+ 47. Kd3 Qh3+ 48. Kc2 Qg2+ 49. Bd2 Qd5 50. Rb1 b6 51. Bb4 Qg2+ 52.
Kb3 Qd5+ 53. Kc3 c5 54. Bxc5 h6 55. Be7 Qe4 56. d8=Q+ Kh7 57. Rf1 Qe2 58. Qf8
Qe3+ 59. Kc4 Qe2+ 60. Kd5 Qa2+ 61. Kc6 Qc2+ 62. Kd6 Qc3 63. Qf5+ Kh8 64. Qe6
Qxa3+ 65. Kc7 Qc3+ 66. Kb7 Qc7+ 67. Kxc7 Kh7 68. Qg6+ Kh8 69. Rf8# 1-0

[Event "ICS rated standard match"]
[Site "204.178.125.65"]
[Date "2000.08.21"]
[Round "?"]
[White "Hossa"]
[Black "BrazilianMaster"]
[Result "0-1"]
[WhiteElo "2378"]
[BlackElo "2583"]
[PlyCount "97"]
[EventDate "2000.??.??"]

1. c4 Nf6 2. Nf3 e6 3. Nc3 c5 4. e4 Nc6 5. d4 cxd4 6. Nxd4 Bb4 7. Nxc6 bxc6 8.
Bd3 d6 9. Qa4 Bxc3+ 10. bxc3 Qc7 11. c5 dxc5 12. Be3 Nd7 13. O-O Rb8 14. f4 e5
15. Rad1 O-O 16. fxe5 Nxe5 17. Bxc5 Bg4 18. Bxf8 Bxd1 19. Qxd1 Qb6+ 20. Kh1
Rxf8 21. Bb1 Rd8 22. Qe2 h6 23. g3 Qc5 24. Rc1 Qa3 25. Rc2 Rd3 26. Qf1 Rxc3 27.
Rd2 Rc1 28. Rd8+ Kh7 29. Rd1 Rxd1 30. Qxd1 c5 31. Kg2 c4 32. Qe2 f6 33. Qf2 Kg6
34. h4 a5 35. Qf5+ Kf7 36. Qf2 h5 37. Qe2 Kg6 38. Qf2 Qc1 39. Qc2 Qe1 40. a3
Kh6 41. Qb2 Ng4 42. e5 c3 43. Qa2 c2 44. Qxc2 Ne3+ 45. Kf3 Nxc2 46. Bxc2 Qc3+
47. Ke4 Qxc2+ 48. Ke3 fxe5 49. g4 {Hossa resigns} 0-1

[Event "ICS rated standard match"]
[Site "204.178.125.65"]
[Date "2000.08.22"]
[Round "?"]
[White "Bootemout"]
[Black "Hossa"]
[Result "0-1"]
[WhiteElo "2079"]
[BlackElo "2370"]
[PlyCount "84"]
[EventDate "2000.??.??"]

1. d4 a6 2. e4 g6 3. Nf3 Bg7 4. c4 d6 5. Nc3 f5 6. Bd3 fxe4 7. Nxe4 Nh6 8. O-O
O-O 9. Neg5 e6 10. Qe2 Re8 11. Nxh7 Kxh7 12. Ng5+ Kg8 13. Bxg6 Re7 14. Qh5 Nc6
15. Bh7+ Kh8 16. Be3 e5 17. Be4 Nxd4 18. Qg6 Qg8 19. Bxd4 exd4 20. Bd5 Bf5 21.
Qh5 Qe8 22. Qh4 c6 23. Bf3 Bd3 24. Rfd1 Bxc4 25. Bh5 Qf8 26. Re1 Rxe1+ 27. Rxe1
Bxa2 28. Bg6 Bd5 29. f4 d3 30. Bxd3 Bxb2 31. Bg6 Qg7 32. f5 Qd4+ 33. Qxd4+
Bxd4+ 34. Kh1 Ng4 35. h3 Ne5 36. Kh2 Nxg6 37. fxg6 Kg7 38. Re7+ Kf6 39. Rxb7
Kxg5 40. g7 Ra7 41. h4+ Kxh4 42. g3+ Kg5 {Bootemout resigns} 0-1

[Event "ICS rated blitz match"]
[Site "204.178.125.65"]
[Date "2000.08.22"]
[Round "?"]
[White "Hossa"]
[Black "PostModernist"]
[Result "1/2-1/2"]
[WhiteElo "2377"]
[BlackElo "2705"]
[PlyCount "94"]
[EventDate "2000.??.??"]

1. Nf3 Nf6 2. g3 d5 3. Bg2 c6 4. O-O Bf5 5. d3 h6 6. c4 dxc4 7. dxc4 Qxd1 8.
Rxd1 Nbd7 9. Nc3 e6 10. Bf4 Bb4 11. e4 Bg6 12. Ne5 Bh5 13. f3 g5 14. Nxd7 Nxd7
15. Be3 Bxc3 16. bxc3 b6 17. c5 Nxc5 18. Bxc5 bxc5 19. Rd6 Rc8 20. Rb1 Ke7 21.
e5 Rc7 22. f4 gxf4 23. gxf4 Rg8 24. Kf2 Rg4 25. Kf3 f6 26. exf6+ Kxf6 27. Re1
Rg6+ 28. Kf2 Ke7 29. Rd2 Rf6 30. Ke3 Rd7 31. Rxd7+ Kxd7 32. Bf3 Bxf3 33. Kxf3
Ke7 34. c4 Rf8 35. Re5 Rf5 36. Re1 Kf6 37. h4 e5 38. Re4 exf4 39. a3 Kg6 40.
Rxf4 a5 41. a4 Kf6 42. Ke4 Rxf4+ 43. Kxf4 h5 44. Ke4 Ke6 45. Kf4 Kf6 46. Ke4
Ke6 47. Kf4 Kf6 1/2-1/2

[Event "ICS rated blitz match"]
[Site "204.178.125.65"]
[Date "2000.08.22"]
[Round "?"]
[White "PostModernist"]
[Black "Hossa"]
[Result "1-0"]
[WhiteElo "2693"]
[BlackElo "2389"]
[PlyCount "39"]
[EventDate "2000.??.??"]

1. d4 a6 2. Nc3 d5 3. Nf3 Nc6 4. e4 dxe4 5. Nxe4 Bg4 6. c3 e5 7. Bc4 exd4 8.
Bxf7+ Kxf7 9. Nfg5+ Ke8 10. Qxg4 dxc3 11. Nxh7 Ne5 12. Qh5+ Nf7 13. O-O c2 14.
Re1 Be7 15. Qg6 Qd5 16. Neg5 Ngh6 17. Ne6 Kd7 18. Bxh6 Nxh6 19. Qxg7 Rxh7 20.
Qxh7 {Hossa resigns} 1-0

[Event "ICS rated blitz match"]
[Site "204.178.125.65"]
[Date "2000.08.22"]
[Round "?"]
[White "Hossa"]
[Black "PostModernist"]
[Result "0-1"]
[WhiteElo "2384"]
[BlackElo "2698"]
[PlyCount "142"]
[EventDate "2000.??.??"]

1. e4 c5 2. c3 d5 3. exd5 Qxd5 4. d4 Nf6 5. Nf3 e6 6. Na3 Nc6 7. Nb5 Qd8 8.
dxc5 Bxc5 9. Qxd8+ Kxd8 10. Bg5 Ke7 11. Nc7 Rb8 12. Rd1 a6 13. Bf4 Rd8 14. Rd2
Rxd2 15. Bxd2 Bd6 16. Nb5 axb5 17. Bxb5 Bd7 18. Bd3 Ra8 19. a3 Rd8 20. Be3 e5
21. Bc2 Bg4 22. Nh4 Nd5 23. Bc1 g6 24. h3 Be6 25. Nf3 Nf6 26. Be3 Bd5 27. Bb6
Ra8 28. Bd1 Be4 29. Be3 Nd5 30. Bg5+ f6 31. Bh6 Rd8 32. Nd2 Bd3 33. Bf3 Nb6 34.
Ne4 Nc4 35. Bc1 h5 36. Rg1 N6a5 37. Nxd6 Nxd6 38. Bd1 Ne4 39. f3 Ng3 40. Be3
Nc4 41. Bc5+ Ke6 42. b3 Nb2 43. Kf2 h4 44. Bb6 Rd7 45. Be3 Nf1 46. Rxf1 Bxf1
47. Be2 Bxe2 48. Kxe2 Nd3 49. c4 Nf4+ 50. Bxf4 exf4 51. a4 Rd4 52. a5 Kd6 53.
Ke1 Kc5 54. Ke2 Kb4 55. c5 Kxb3 56. Kf1 Rc4 57. c6 Rxc6 58. Ke2 Kc3 59. Ke1 Rc5
60. Ke2 Rxa5 61. Kf1 Ra1+ 62. Ke2 g5 63. Kf2 Kd3 64. g3 hxg3+ 65. Kg2 Ra2+ 66.
Kg1 Ke3 67. Kf1 Ra1+ 68. Kg2 Ke2 69. h4 gxh4 70. Kh3 Kxf3 71. Kxh4 Rh1# {
Hossa checkmated} 0-1

[Event "ICS rated standard match"]
[Site "204.178.125.65"]
[Date "2000.08.22"]
[Round "?"]
[White "Hossa"]
[Black "NEPTUN"]
[Result "0-1"]
[WhiteElo "2375"]
[BlackElo "1914"]
[PlyCount "148"]
[EventDate "2000.??.??"]

1. e4 Nc6 2. d4 e5 3. dxe5 Nxe5 4. f4 Nc6 5. Be3 Bb4+ 6. c3 Ba5 7. Be2 d6 8.
Nd2 Bb6 9. Bxb6 axb6 10. Ngf3 Nge7 11. O-O O-O 12. f5 f6 13. Bc4+ Kh8 14. Qe2
Ne5 15. Nd4 d5 16. Bb3 dxe4 17. Rad1 c5 18. Ne6 Bxe6 19. fxe6 Qc7 20. Qxe4 b5
21. c4 b4 22. Nf3 N7g6 23. Nxe5 Qxe5 24. Rfe1 Qxe4 25. Rxe4 Ne5 26. Rd5 b6 27.
Rd6 Rfb8 28. h3 Kg8 29. Kf2 Kf8 30. Re2 Ke7 31. Red2 Rd8 32. R6d5 Nc6 33. Rd7+
Kxe6 34. R2d6+ Ke5 35. Rd5+ Ke6 36. Rxg7 Nd4 37. Rb7 Nxb3 38. axb3 Rxd5 39.
cxd5+ Kxd5 40. Rxh7 Ra2 41. Rd7+ Kc6 42. Rd2 b5 43. Kg3 c4 44. Rf2 c3 45. Rxf6+
Kc5 46. bxc3 bxc3 47. Rf1 c2 48. Kf3 Kb4 49. Ke4 Kxb3 50. Kd4 Kb2 51. h4 c1=Q
52. Rxc1 Kxc1 53. g3 Rg2 54. Kc5 Rxg3 55. Kb4 Rg4+ 56. Kxb5 Rxh4 57. Kc5 Kc2
58. Kd5 Kd3 59. Ke5 Rd4 60. Kf5 Re4 61. Kg5 Ke3 62. Kf5 Kd4 63. Kf6 Re5 64. Kg6
Ke4 65. Kf6 Kd5 66. Kf7 Re6 67. Kg7 Ke5 68. Kf7 Kd6 69. Kf8 Re7 70. Kg8 Ra7 71.
Kh8 Ke6 72. Kg8 Kf6 73. Kh8 Kg6 74. Kg8 Ra8# {Hossa checkmated} 0-1

[Event "ICS rated standard match"]
[Site "204.178.125.65"]
[Date "2000.08.22"]
[Round "?"]
[White "JMatias"]
[Black "Hossa"]
[Result "0-1"]
[WhiteElo "2287"]
[BlackElo "2345"]
[PlyCount "32"]
[EventDate "2000.??.??"]

1. d4 Nf6 2. Nf3 e6 3. Bg5 d6 4. Nbd2 Nc6 5. e4 Be7 6. c3 O-O 7. Bb5 Bd7 8. Qe2
a6 9. Ba4 Nxd4 10. cxd4 Bxa4 11. e5 Bb5 12. Qd1 Nd5 13. Bxe7 Nf4 14. Ne4 Qxe7
15. g3 Nd3+ 16. Kd2 d5 {JMatias resigns} 0-1

[Event "ICS rated standard match"]
[Site "204.178.125.65"]
[Date "2000.08.22"]
[Round "?"]
[White "Hossa"]
[Black "JMatias"]
[Result "1-0"]
[WhiteElo "2358"]
[BlackElo "2274"]
[PlyCount "81"]
[EventDate "2000.??.??"]

1. e4 c5 2. Nf3 g6 3. d4 cxd4 4. Qxd4 Nf6 5. e5 Nc6 6. Qa4 Nd5 7. Qb3 Nc7 8.
Bc4 Ne6 9. Bxe6 dxe6 10. O-O Bg7 11. Bf4 O-O 12. Na3 Qa5 13. Nc4 Qb4 14. Rfd1
b6 15. c3 Qxb3 16. axb3 Bb7 17. Rd7 Rab8 18. Nd4 Nxd4 19. Rxd4 b5 20. Na5 Bd5
21. c4 bxc4 22. bxc4 Ba8 23. b3 Rfd8 24. Rdd1 g5 25. Bxg5 Bxe5 26. Bxe7 Rxd1+
27. Rxd1 Bc3 28. Rd3 Bg7 29. Rd7 a6 30. Bd6 Rc8 31. Ra7 Be4 32. Rxa6 Bc3 33. f3
Bc2 34. Kf2 Bxa5 35. Rxa5 f6 36. Ra3 Kf7 37. c5 Ke8 38. b4 Kd7 39. b5 e5 40.
Ra7+ Ke6 41. b6 {JMatias resigns} 1-0